000 00957nam a22002657a 4500
005 20170123162301.0
010 _aB-070122
020 _c140.00
_a8186632719
035 _aB-070122
037 _bCen Lib/Ret
040 _aDPL
_bUR
082 _a954.022
100 _aبابر, زاہرددیں
_9142105
245 _a/ تزکے بابری
_cزاہرددیں بابر؛ مترجم رشید اخرندوی
246 _aTuzke babri
_bby Zaheeruddin Babar
260 _aدہلی
_bمکطبل حسنات
_c2002
270 _aسسسلا مطبوعات نمبر ٢٩١
_bدہلی
_e110002
300 _a287p.
_c20cm(Hb)
650 _aہندوستانی تاریخ
_9410
650 _aہندوستانی تاریخ
_vمغل مدت
_9411
650 _aHistory of India
_9142106
650 _v
_aHistory of India
_xMughal period
_9142107
700 _a رشید اخترندوی
_9142108
942 _2ddc
_cUR
_h954.022
_mب ا ب
999 _c105993
_d105993